Kertas putih status ekonomi Malaysia

Bibliographic Details
Corporate Author: MALAYSIA
Format: Book
Published: Kuala Lumpur : Unit Perancang Ekonomi, Jabatan Perdana Menteri , 1999
Subjects:

MARC

LEADER 00000cam a2200000 7i4500
001 0000001225
005 20140216.0
090 0 0 |a 330.9595   |b MAL 1999 
110 1 0 |a MALAYSIA   |c Jabatan Perdana Menteri, Unit Perancang Ekonomi 
245 1 0 |a Kertas putih status ekonomi Malaysia 
260 0 0 |a Kuala Lumpur :   |b Unit Perancang Ekonomi, Jabatan Perdana Menteri ,   |c 1999 
300 |a 1v. (various pagings) :   |b ill. ;   |c 30 cm. 
650 0 0 |a Economic conditions   |z Malaysia 
651 0 0 |a Malaysia   |x Economic conditions 
998 |a JPSM 
999 |a 0000002245   |b Monograph   |c Open Shelf   |e Default branch 
999 |a 0000002246   |b Monograph   |c Open Shelf   |e Default branch 
999 |a 0000002248   |b Monograph   |c Open Shelf   |e Default branch 
999 |a 0000002249   |b Monograph   |c Open Shelf   |e Default branch 
999 |a 0000002250   |b Monograph   |c Open Shelf   |e Default branch 
999 |a 0000002251   |b Monograph   |c Reference   |e Default branch 
999 |a 0000002252   |b Monograph   |c Open Shelf   |e Default branch